000 00269nam a2200109Ia 4500
008 200302s9999 xx 000 0 und d
100 _aWilliam Seale
245 _aDomestic Views
260 _bThe American Instute of Architects Press
260 _c1992
300 _a282 P.,
999 _c1425
_d1425